000 00320nam a2200133Ia 4500
005 20251222152611.0
008 251222s9999||||xx |||||||||||||| ||spa||
020 _a8420713619
082 _a460/L32
100 _aLázaro Carreter, Fernando
245 0 _aCurso de Lengua Española
264 _bAnaya S.A.
942 _cLIB
999 _c26977
_d26977